00482nam a22001697a 450000500170000001000150001702000260003203500140005803700090007208200110008110000180009224500590011025000060016926000500017527000650022530000220029020250704124840.0 aENG-145654 c850.00a9788170545644 aEN-129186 bDBAD a482.02 aGautam, G. S. aCommunicative English For Globalization/cG. S. Gautam a1 aKarampurabClassical Publishing Companyc2012 bNew Delhia28, Shopping Centre, Karampura, New Delhie110015 a368 p.c22 cm(hb)